Detalles MARC
| 000 -CABECERA |
| campo de control de longitud fija |
00982cam a2200253 a 4500 |
| 001 - NÚMERO DE CONTROL |
| campo de control |
000006636 |
| 005 - FECHA Y HORA DE LA ÚLTIMA TRANSACCIÓN |
| campo de control |
20200929153949.0 |
| 008 - DATOS DE LONGITUD FIJA--INFORMACIÓN GENERAL |
| campo de control de longitud fija |
840831s1982 sp a b 001 0 spa |
| 020 ## - NÚMERO INTERNACIONAL ESTÁNDAR DEL LIBRO |
| Número Internacional Estándar del Libro |
842760579X |
| 040 ## - FUENTE DE LA CATALOGACIÓN |
| Centro catalogador/agencia de origen |
DO-SdBNP |
| Centro/agencia transcriptor |
DLC |
| Centro/agencia modificador |
DLC |
| 082 ## - NÚMERO DE LA CLASIFICACIÓN DECIMAL DEWEY |
| Número de clasificación |
909.8 |
| Número de documento/Ítem |
C348c |
| 100 1# - ENTRADA PRINCIPAL--NOMBRE DE PERSONA |
| Nombre de persona |
Castelar, Emilio, |
| Fechas asociadas al nombre |
1832-1899. |
| 9 (RLIN) |
3312 |
| 245 10 - MENCIÓN DE TÍTULO |
| Título |
Crónica internacional / |
| Mención de responsabilidad, etc. |
Emilio Castelar ; edición, Damaso de Lario. |
| 260 ## - PUBLICACIÓN, DISTRIBUCIÓN, ETC. |
| Lugar de publicación, distribución, etc. |
Madrid : |
| Nombre del editor, distribuidor, etc. |
Nacional, |
| Fecha de publicación, distribución, etc. |
1982. |
| 300 ## - DESCRIPCIÓN FÍSICA |
| Extensión |
476 p. : |
| Otras características físicas |
il. ; |
| Dimensiones |
21 cm. |
| 490 1# - MENCIÓN DE SERIE |
| Mención de serie |
Clásicos para una biblioteca contemporánea |
| Designación de volumen o secuencia |
no. 15 |
| Mención de serie |
Pensamiento |
| 504 ## - NOTA DE BIBLIOGRAFÍA, ETC. |
| Nota de bibliografía, etc. |
Incluye referencias bibliográficas, índice y notas al pie de las páginas. |
| 650 #4 - PUNTO DE ACCESO ADICIONAL DE MATERIA--TÉRMINO DE MATERIA |
| Término de materia o nombre geográfico como elemento de entrada |
Política mundial |
| Subdivisión cronológica |
SIGLO XIX |
| Subdivisión general |
Cronología |
| 9 (RLIN) |
18427 |
| 650 #4 - PUNTO DE ACCESO ADICIONAL DE MATERIA--TÉRMINO DE MATERIA |
| Término de materia o nombre geográfico como elemento de entrada |
Geopolítica |
| 9 (RLIN) |
18428 |
| 650 #4 - PUNTO DE ACCESO ADICIONAL DE MATERIA--TÉRMINO DE MATERIA |
| Término de materia o nombre geográfico como elemento de entrada |
Política internacional |
| 9 (RLIN) |
2879 |
| 700 1# - PUNTO DE ACCESO ADICIONAL--NOMBRE DE PERSONA |
| Nombre de persona |
Lario Rámirez, Damaso, |
| Término indicativo de función/relación |
ed. |
| 9 (RLIN) |
18429 |
| 830 #0 - PUNTO DE ACCESO ADICIONAL DE SERIE-TÍTULO UNIFORME |
| Título uniforme |
Clásicos para una biblioteca contemporánea ; |
| Designación de volumen o secuencia |
no. 15. |
| Nombre de parte o sección de la obra |
Pensamiento. |
| 9 (RLIN) |
18430 |
| 910 ## - DATOS DE OPCIÓN DEL USUARIO (OCLC) |
| Datos de opción del usuario |
Catalogación por copia / LC |